000 00340nam a2200133Ia 4500
008 240703s9999 xx 000 0 und d
041 _aeng
100 _aMatthew F Dixon
245 _aMachine Learning In Finance From Theory To Practice
260 _bSpringer
_c2020
365 _c
_b 7,583.05
906 _b33
999 _c40925
_d40925